000
00224nam a22000857a 4500
008
161020b xxu||||| |||| 00| 0 eng d
100
_9
905
_a
Roy.G.etal
245
_a
Arts Skills Class-7
260
_a
New Delhi
_b
APC Publications
_c
2015
999
_c
3559
_d
3559